Top 50 Champions League 2010s Scorers - Statistics

General Stats
  • This quiz has been taken 389 times
  • The average score is 32 of 50
Answer Stats
Rk Player Main Team Goals % Correct
1 Cristiano Ronaldo Real Madrid 111
100%
2 Lionel Messi Barcelona 95
100%
4 Karim Benzema Real Madrid 48
98%
3 Robert Lewandowski Bayern Munich 53
98%
7 Sergio Agüero Manchester City 34
97%
5 Thomas Müller Bayern Munich 41
97%
9 Neymar Barcelona 32
96%
6 Edinson Cavani Paris Saint-Germain 34
94%
15 Luis Suárez Barcelona 21
91%
8 Zlatan Ibrahimović Paris Saint-Germain 33
91%
50 Son Heung-min Tottenham Hotspur 12
90%
20 Mohamed Salah Liverpool 18
87%
10 Arjen Robben Bayern Munich 25
83%
32 Franck Ribéry Bayern Munich 14
82%
22 Marco Reus Borussia Dortmund 17
81%
14 Antoine Griezmann Atletico Madrid 21
80%
33 Harry Kane Tottenham Hotspur 14
80%
36 Kylian Mbappé Paris Saint-Germain 14
80%
18 Gareth Bale Real Madrid 20
77%
13 Gonzalo Higuaín Juventus 22
75%
28 Wayne Rooney Manchester United 15
75%
23 Didier Drogba Chelsea 16
71%
12 Edin Džeko AS Roma 22
71%
38 Roberto Firmino Liverpool 14
68%
21 Hulk Zenit 17
67%
40 Sadio Mané Liverpool 14
67%
25 Pierre-Emerick Aubameyang Borussia Dortmund 15
66%
19 Ángel Di María Paris Saint-Germain 18
64%
17 Mario Mandžukić Juventus 21
63%
11 Mario Gómez Bayern Munich 23
62%
39 Robin van Persie Manchester United 14
60%
24 Pedro Barcelona 16
57%
49 Radamel Falcao Monaco 12
57%
48 Olivier Giroud Arsenal 12
54%
46 Álvaro Morata Juventus 12
53%
37 Raheem Sterling Manchester City 14
53%
45 Alexis Sánchez Arsenal 12
51%
43 Klaas-Jan Huntelaar Schalke 04 13
48%
44 Samuel Eto'o Inter Milan 13
46%
47 Mario Götze Bayern Munich 12
42%
29 Willian Chelsea 15
37%
16 Luiz Adriano Shakhtar Donetsk 21
36%
42 Jackson Martínez Porto 13
32%
31 Cesc Fàbregas Arsenal 14
23%
26 Roberto Soldado Valencia 15
21%
30 Arturo Vidal Juventus 14
20%
34 Javier Hernández Manchester United 14
15%
27 Seydou Doumbia CSKA Moscow 15
15%
35 Kostas Mitroglou Olympiacos 14
12%
41 Vincent Aboubakar Porto 14
10%
No matching quizzes found
Score Distribution
Percent of People with Each Score
Percentile by Number Answered
Your Score History
You have not taken this quiz